Detalles MARC
| 000 -CABECERA |
| Longitud fija campo de control |
01035nam a2200325 a 4500 |
| 003 - • IDENTIFICADOR DELl NÚMERO DE CONTROL |
| Identificador del número de control |
CO-BoRNBP |
| 005 - • FECHA Y HORA DE LA ÚLTIMA TRANSACCIÓN |
| Fecha y hora de la última transacción |
20250813220705.0 |
| 007 - • CAMPO FIJO DE DESCRIPCIÓN FÍSICA |
| Campo fijo de descripción física |
ta |
| 008 - • CÓDIGOS DE INFORMACIÓN DE LONGITUD FIJA |
| Códigos de información de longitud fija |
960715s2005 mx a jr 0001j spa d |
| 020 ## - • NÚMERO INTERNACIONAL NORMALIZADO PARA LIBROS |
| Número Internacional Normalizado para Libros (ISBN) |
9681677498 |
| 040 ## - FUENTE DE LA CATALOGACIÓN |
| Centro catalogador de origen |
CO-BoBLA |
| Lengua de catalogación |
spa |
| Centro transcriptor |
CO-BoBLA |
| 041 0# - • CÓDIGO DE LENGUA |
| Código de lengua del texto/banda sonora o título independiente |
spa |
| 043 ## - CÓDIGO DE ÁREA GEOGRÁFICA |
| Código de área geográfica |
n-us--- |
| 082 04 - • NÚMERO DE LA CLASIFICACIÓN DECIMAL DEWEY |
| Número de clasificación (R) |
I813.5 |
| Número del ítem |
B15o |
| Número de edición |
19 ed. |
| 100 1# - • PUNTO DE ACCESO PRINCIPAL-NOMBRE DE PERSONA |
| Nombre de persona |
Banyai, Istvan. |
| 245 13 - • TITULO PROPIAMENTE DICHO |
| Título |
El otro lado / |
| Mención de responsabilidad, etc. |
Istvan Banyai. |
| 250 ## - • MENCIÓN DE EDICIÓN |
| Mención de edición |
1a. edición |
| 300 ## - • DESCRIPCIÓN FÍSICA |
| Extensión |
[38] p. : |
| Otras características físicas |
il. ; |
| Dimensiones |
26 cm. |
| 336 ## - TIPO DE CONTENIDO |
| Fuente |
rdacontent |
| Término de tipo de contenido |
texto |
| Código de tipo de contenido |
txt |
| 337 ## - TIPO DE MEDIO |
| Fuente |
rdamedia |
| Nombre del tipo de medio |
sin mediación |
| Código del tipo de medio |
n |
| 338 ## - TIPO DE SOPORTE |
| Fuente |
rdacarrier |
| Nombre del tipo de soporte |
volumen |
| Código del tipo de soporte |
nc |
| 650 #7 - • PUNTO DE ACCESO ADICIONAL DE MATERIA - TÉRMINO DE MATERIA |
| Término de materia o nombre geográfico como elemento inicial |
Cuentos infantiles estadounidenses. |
| Fuente del encabezamiento o término |
BLAAUTO |
| 650 17 - • PUNTO DE ACCESO ADICIONAL DE MATERIA - TÉRMINO DE MATERIA |
| Término de materia o nombre geográfico como elemento inicial |
Historias sin palabras. |
| Fuente del encabezamiento o término |
BLAAUTO |
| 650 #7 - • PUNTO DE ACCESO ADICIONAL DE MATERIA - TÉRMINO DE MATERIA |
| Término de materia o nombre geográfico como elemento inicial |
Cuentos infantiles estadounidenses |
| Subdivisión de forma |
Libros de láminas. |
| Fuente del encabezamiento o término |
BLAAUTO |
| 650 #7 - • PUNTO DE ACCESO ADICIONAL DE MATERIA - TÉRMINO DE MATERIA |
| Término de materia o nombre geográfico como elemento inicial |
Percepción visual |
| Subdivisión de materia general |
Libros ilustrados para niños. |
| Fuente del encabezamiento o término |
BLAAUTO |
| 650 #7 - • PUNTO DE ACCESO ADICIONAL DE MATERIA - TÉRMINO DE MATERIA |
| Término de materia o nombre geográfico como elemento inicial |
Percepción visual |
| Subdivisión de forma |
Libros de láminas. |
| Fuente del encabezamiento o término |
BLAAUTO |
| 942 ## - ENTRADA DE ELEMENTOS AGREGADOS (KOHA) |
| Fuente de clasificaión o esquema |
Dewey Decimal Classification |
| Koha [por defecto] tipo de item |
LIbro |
| 949 ## - TRATAMIENTO DE LA INFORMACIÓN LOCAL (OCLC) |
| a |
n |
| b |
n |